000 01382cam a22003131i 4500
003 SA-RiAUC
005 20260106133810.0
008 260101s1990 su g 00000dara c
040 _aSA-JeALM
_bara
_cSA-RiAUC
_erda
041 1 _aara
_heng
082 0 4 _a306.6
_qSA-RiAUC
090 _a306.6
_bت ي ر
100 1 _aتيرنر، براين،
_d1945-
_eمؤلف.
240 1 0 _aWeber and Islam : a critical study.
_lArabic
245 1 0 _aعلم الاجتماع والإسلام :
_bدراسة نقدية لفكر ماكس فيبر /
_cتأليف براين تيرنر ؛ ترجمة أبي بكر أحمد باقادر.
264 1 _aجدة، السعودية :
_bمكتبة الجسر،
_c1990
300 _a295 صفحة ؛
_c24 سم
336 _aنص
_btxt
_2rdacontent
_3كتاب
337 _aبدون وسيط
_bn
_2rdamedia
504 _aببليوجرافية : صفحة 269-294.
600 1 7 _aفيبر، ماكس،
_d1864-1920
_2aucnm
650 7 _aعلم الاجتماع الإسلامي
_2aucsh
650 7 _aعلم الاجتماع الديني
_2aucsh
650 7 _aالإسلام والمجتمع
_2aucsh
700 1 _aباقادر، أبو بكر أحمد،
_d1369 هجري-
_eمترجم.
700 1 2 _iترجمة لـ :
_aتيرنر، براين،
_d1945-
_tWeber and Islam : a critical study.
942 _2ddc
_cBOOK
_n0
949 _aSA-JeALM
_d260101
_uosman123
_n1
999 _c13927
_d13927